Past Mortem : (Record no. 31721)

000 -LEADER
fixed length control field 00453nam a22001697a 4500
008 - FIXED-LENGTH DATA ELEMENTS--GENERAL INFORMATION
fixed length control field 230721b |||||||| |||| 00| 0 eng d
020 ## - INTERNATIONAL STANDARD BOOK NUMBER
International Standard Book Number 0593050959
050 ## - LIBRARY OF CONGRESS CALL NUMBER
Classification number PR 6055.L79 .E48 2004
100 ## - MAIN ENTRY--PERSONAL NAME
Personal name Elton, Ben
245 ## - TITLE STATEMENT
Title Past Mortem :
Statement of responsibility, etc. Ben, Elton.
250 ## - EDITION STATEMENT
Edition statement 1et ed
260 ## - PUBLICATION, DISTRIBUTION, ETC. (IMPRINT)
Place of publication, distribution, etc. London:
Name of publisher, distributor, etc. Random,
Date of publication, distribution, etc. 2004.
300 ## - PHYSICAL DESCRIPTION
Extent 372p. ;
Dimensions 22 cm
500 ## - GENERAL NOTE
General note includes bibliographic references
650 ## - SUBJECT ADDED ENTRY--TOPICAL TERM
Source of heading or term Murder -Investigation
942 ## - ADDED ENTRY ELEMENTS (KOHA)
Source of classification or shelving scheme
Koha item type Hard Covered Materials
Holdings
Withdrawn status Lost status Source of classification or shelving scheme Damaged status Not for loan Home library Current library Shelving location Date acquired Source of acquisition Total Checkouts Full call number Barcode Date last seen Price effective from Koha item type
          MACHAKOS UNIVERSITY LIBRARY MACHAKOS UNIVERSITY LIBRARY Open shelf 21/07/2023 Donation (falcon books)   PR 6055.L79 .E48 2004 39516 21/07/2023 21/07/2023 Hard Covered Materials
© Machakos University Library, Along The Highway, Machakos Wote Rd, Machakos, Kenya P.O. Box 136 - 90100 Machakos - Kenya

Tel: ( +254 ) 723 805829 OR Fax : 044-20353 OR Email: library@mksu.ac.ke